Loading...
| Literature - American | 0 | 3 | 0 | 0 | 30 | 75 | 102.67 | 0 | 0 | 6.11 | 13.33 |
| Fine Arts - Classical Music | 0 | 3 | 0 | 0 | 30 | 58 | 79.67 | 0 | 1 | 11.01 | 15.56 |
| Fine Arts - Painting and Sculpture | 0 | 3 | 0 | 0 | 30 | 78 | 98.67 | 0 | 0 | 5.60 | 10.00 |
| Social Science | 0 | 4 | 2 | 0 | 30 | 48 | 74.75 | 1 | 1 | 16.71 | 34.13 |
| Literature - European | 0 | 3 | 0 | 0 | 30 | 76 | 92.00 | 0 | 0 | 6.63 | 10.00 |
| Fine Arts - Other | 0 | 3 | 1 | 0 | 25 | 55 | 90.00 | 0 | 2 | 6.03 | 18.33 |
| Literature - British | 0 | 2 | 0 | 0 | 20 | 30 | 42.00 | 1 | 1 | 12.44 | 16.67 |
| Current Events | 0 | 2 | 0 | 0 | 20 | 27 | 55.00 | 1 | 2 | 24.54 | 41.67 |
| Philosophy | 0 | 2 | 0 | 0 | 20 | 26 | 68.00 | 0 | 1 | 9.28 | 12.50 |
| Literature - World | 0 | 2 | 1 | 0 | 15 | 70 | 93.50 | 0 | 1 | 4.16 | 11.11 |
| Popular Culture | 0 | 2 | 1 | 0 | 15 | 59 | 72.50 | 1 | 1 | 13.64 | 26.67 |
| Science - Biology | 0 | 1 | 0 | 0 | 10 | 40 | 40.00 | 0 | 1 | 6.46 | 6.67 |
| History - World | 0 | 1 | 0 | 0 | 10 | 56 | 56.00 | 0 | 0 | 4.77 | 1.11 |
| History - American | 0 | 1 | 1 | 0 | 5 | 86 | 86.00 | 0 | 0 | 1.73 | 1.11 |
| Science - Other | 0 | 1 | 1 | 0 | 5 | 72 | 72.00 | 1 | 1 | 3.79 | 10.00 |